Сохочульская лицензионная площадь. Новый взгляд на природу нефтегазоностности Минусинского прогиба; Проблемы и перспективы развития минерально-сырьевой базы и предприятий ТЭК Сибири

Manylion Llyfryddiaeth
Parent link:Проблемы и перспективы развития минерально-сырьевой базы и предприятий ТЭК Сибири.— 2007.— С. 64-69
Awduron Eraill: Васильев Б. Д. Борис Дмитриевич, Готтих Р. П., Писоцкий Б. И., Фальк А. Ю. Алла Юрьевна, Ананьев Ю. С. Юрий Сергеевич
Crynodeb:В фонде НТБ ТПУ отсутствует
Iaith:Rwseg
Cyhoeddwyd: 2007
Pynciau:
Fformat: MixedMaterials Pennod Llyfr
KOHA link:https://koha.lib.tpu.ru/cgi-bin/koha/opac-detail.pl?biblionumber=597415

MARC

LEADER 00000naa0a2200000 4500
001 597415
005 20250205142824.0
035 |a (RuTPU)RU\TPU\tpu\20680 
035 |a RU\TPU\tpu\20678 
090 |a 597415 
100 |a 20120207d2007 k y0rusy50 ca 
101 0 |a rus 
102 |a RU 
200 1 |a Сохочульская лицензионная площадь. Новый взгляд на природу нефтегазоностности Минусинского прогиба  |f Б. Д. Васильев [и др.] 
333 |a В фонде НТБ ТПУ отсутствует 
463 |t Проблемы и перспективы развития минерально-сырьевой базы и предприятий ТЭК Сибири  |o материалы межрегиональной научно-практической конференции, Томск, ТПУ, 2007 г.  |v С. 64-69  |d 2007 
610 1 |a труды учёных ТПУ 
701 1 |a Васильев  |b Б. Д.  |c доцент Томского политехнического университета, кандидит геолого-минералогических наук  |c заслуженный геолог РФ, первооткрыватель месторождения  |f 1932-  |g Борис Дмитриевич  |3 (RuTPU)RU\TPU\pers\22759  |4 070 
701 1 |a Готтих  |b Р. П.  |4 070 
701 1 |a Писоцкий  |b Б. И. 
701 1 |a Фальк  |b А. Ю.  |c российский геолог  |c доцент Томского политехнического университета  |f 1977-  |g Алла Юрьевна  |3 (RuTPU)RU\TPU\pers\26062  |4 070 
701 1 |a Ананьев  |b Ю. С.  |c российский геолог  |c доцент Томского политехнического университета, кандидат геолого-минералогических наук  |f 1966-  |g Юрий Сергеевич  |3 (RuTPU)RU\TPU\pers\26228  |4 070  |9 12016 
801 1 |a RU  |b 63413507  |c 20120207 
801 2 |a RU  |b 63413507  |c 20120207  |g RCR 
942 |c BK